| 000 | 03145nam a2200433 4500 | ||
|---|---|---|---|
| 999 |
_c6559 _d6559 |
||
| 003 | OSt | ||
| 005 | 20260421133149.0 | ||
| 008 | 190228c xxuf||p| |||| 00| 0 spa d | ||
| 020 | _a9789873047527 | ||
| 040 | _cPJ | ||
| 245 | 1 | 0 |
_aRevista de derecho procesal : _binteligencia artificial y proceso / _ceditor Roland Arazi...[et al.] |
| 260 |
_aSanta Fe: _bRubinzal-Culzoni, _c2025. |
||
| 300 |
_a692 p. _c23 cm. |
||
| 310 | _asemestral | ||
| 362 | _aNo. 1 (2023) | ||
| 505 |
_tConsideraciones para la incorporación de la inteligencia artificial en el proceso judicial / _r Lola C. S. Rivero, Marcela E. González, Pablo D. Sinopoli, Santiago T. Saponara, Emiliano L. Lizarraga y Lukas A. Musfeldt Director de semillero. |
||
| 505 |
_tInteligencia artificial y proceso. ¿asistencia o agencia? - desafíos éticos y funcionales / _rGuillermo R. Cosentino. |
||
| 505 |
_t¿hacia una nueva justicia? - la implementación de la inteligencia artificial en la gestión judicial y en los contratos / _rJuan Manuel Rodrigo. |
||
| 505 |
_tEl derecho procesal frente a la inteligencia artificial / _rJorge A. Rojas. |
||
| 505 |
_tEvolución de la justicia: la inteligencia artificial como impulso para reformas procesales eficientes / _rLara Morquecho. |
||
| 505 |
_tLas garantías constitucionales como límite a la justicia algorítmica / _rDaniela I. M. Piombo. |
||
| 505 |
_tInteligencia artificial y debido proceso. un enfoque de derechos humanos / _rMaría Melisa Puliafito. |
||
| 505 |
_tIA y prueba: ¿fuente, medio, asistente en la valoración judicial o todo a la vez? / _rAlejandro Bérgamo Scarso y Germán Augusto Degano. |
||
| 505 |
_tLa prueba de turing en el ámbito jurídico procesal / _rAndrea Ledesma Piga y Santiago Bustos Ruiz. |
||
| 505 |
_tValoración probatoria con inteligencia artificial generativa / _rJosé Osvaldo Ledesma. |
||
| 505 |
_tDel algoritmo al veredicto - un breve análisis sobre el uso de la inteligencia artificial generativa en la redacción de sentencias judiciales / _rDamián Alejandro Mariani Reola. |
||
| 505 |
_tInterpretación decisoria y uso de la inteligencia artificial / _rGonzalo Saráchaga. |
||
| 505 |
_tLa inteligencia artificial como herramienta para garantizar el derecho a ser juzgado dentro de un plazo razonable / _rSergio Nicolás Jalil. |
||
| 505 |
_tInteligencia artificial, proceso y superiores tribunales de justicia / _rAndrea A. Meroi. |
||
| 505 |
_tLa posible implementación de la inteligencia artificial para la efectivización de las decisiones judiciales en materia de familia. automatización de documentos judiciales / _rMaría Celeste del Huerto Silva. |
||
| 505 |
_tInteligencia artificial, métodos alternativos de resolución de conflictos y mediación: un impulso al acceso a la justicia / _rAdrián Víctor Bugvila. |
||
| 650 | 0 |
_9267 _aDERECHO PROCESAL |
|
| 650 | 0 |
_95817 _aINTELIGENCIA ARTIFICIAL |
|
| 700 |
_91980 _aArazi, Roland _edirector |
||
| 700 |
_9119 _aBerizonce, Roberto Omar _edirector |
||
| 700 |
_aFalcón, Enrique Manuel _edirector _9270 |
||
| 700 |
_92135 _aPeyrano, Jorge Walter _edirector |
||
| 942 |
_2udc _cPP _h347.9(05) _iREV |
||